Enhanced Heavily Indebted Poor Countries Initiative : Status of Non-Paris Club Official Bilateral Creditor Participation.

This paper provides an update on the delivery of HIPC Initiative debt relief by non- Paris Club official bilateral creditors and proposes measures to increase their participation. It finds that non-Paris Club creditors have provided about one third of the total HIPC Initiative debt relief expected f...

Descrición completa

Detalles Bibliográficos
Autor Corporativo: International Monetary Fund
Formato: Revista
Idioma:English
Publicado: Washington, D.C. : International Monetary Fund, 2007.
Series:Policy Papers; Policy Paper ; No. 2007/038
Subjects:
Acceso en liña:Full text available on IMF
LEADER 01911cas a2200313 a 4500
001 AALejournalIMF019667
008 230101c9999 xx r poo 0 0eng d
020 |c 5.00 USD 
020 |z 9781498333351 
022 |a 2663-3493 
040 |a BD-DhAAL  |c BD-DhAAL 
110 2 |a International Monetary Fund. 
245 1 0 |a Enhanced Heavily Indebted Poor Countries Initiative :   |b Status of Non-Paris Club Official Bilateral Creditor Participation. 
264 1 |a Washington, D.C. :  |b International Monetary Fund,  |c 2007. 
300 |a 1 online resource (24 pages) 
490 1 |a Policy Papers 
500 |a <strong>Off-Campus Access:</strong> No User ID or Password Required 
500 |a <strong>On-Campus Access:</strong> No User ID or Password Required 
506 |a Electronic access restricted to authorized BRAC University faculty, staff and students 
520 3 |a This paper provides an update on the delivery of HIPC Initiative debt relief by non- Paris Club official bilateral creditors and proposes measures to increase their participation. It finds that non-Paris Club creditors have provided about one third of the total HIPC Initiative debt relief expected from them, with significant variations among creditors. Although the response rate to the survey sent by staffs of the Bank and the Fund to creditors was higher than in previous years, the information received is still limited and partial, and the estimate of debt relief delivered remains preliminary. 
538 |a Mode of access: Internet 
650 7 |a Debt-Relief Agreement  |2 imf 
650 7 |a HIPC Debt Relief  |2 imf 
650 7 |a HIPC Document  |2 imf 
650 7 |a HIPC Initiative  |2 imf 
650 7 |a PP  |2 imf 
651 7 |a China, People's Republic of  |2 imf 
830 0 |a Policy Papers; Policy Paper ;  |v No. 2007/038 
856 4 0 |z Full text available on IMF  |u http://elibrary.imf.org/view/journals/007/2007/038/007.2007.issue-038-en.xml  |z IMF e-Library